| 000 | 00508nam a22001217a 4500 | ||
|---|---|---|---|
| 999 |
_c10229 _d10229 |
||
| 003 | OSt | ||
| 008 | 201218b ||||| |||| 00| 0 eng d | ||
| 245 | _aIETE Technical Review | ||
| 250 | _a2012(Jan-Feb Vol.29 No.1, Mar-Apr Vol.29 No.2) 2011(Jul-Aug Vol.28 No.4) 2012(May-Jun Vol.29 No.3, Jul-Aug Vol.29 No.4, Sep-Oct Vol.29 No.5, Nov-Dec Vol.29 No.6) | ||
| 260 |
_aNew Delhi _bInstitution of Electronics and Telecommunication Engineers |
||
| 650 | _aElectronics and Communication Engineering | ||
| 942 |
_2ddc _cBV |
||